José Rodríguez Carracido / (Record no. 10957)
[ view plain ]
| 000 -LEADER | |
|---|---|
| campo de control de longitud fija | 00916nam a22002415i 4500 |
| 001 - NÚMERO DE CONTROL | |
| campo de control | 10957 |
| 003 - IDENTIFICADOR DE NÚMERO DE CONTROL | |
| campo de control | ES-MaACL |
| 005 - FECHA Y HORA DE LA ÚLTIMA TRANSACCIÓN | |
| campo de control | 20250815082718.0 |
| 008 - DATOS DE LONGITUD FIJA--INFORMACIÓN GENERAL | |
| campo de control de longitud fija | 920122s1991 sp ||||0| spa |
| 020 ## - NÚMERO INTERNACIONAL ESTÁNDAR DEL LIBRO | |
| Número Internacional Estándar del Libro | 84-86884-83-7 |
| 080 ## - NÚMERO DE LA CLASIFICACIÓN DECIMAL UNIVERSAL | |
| Número de la Clasificación Decimal Universal | 5/6(081) Rodríguez Carracido, José |
| 100 1# - ENTRADA PRINCIPAL--NOMBRE DE PERSONA | |
| Nombre de persona | Rodríguez Carracido, José, |
| Fechas asociadas al nombre | 1856-1928 |
| 9 (RLIN) | 98407 |
| 245 10 - MENCIÓN DEL TÍTULO | |
| Título | José Rodríguez Carracido / |
| Mención de responsabilidad, etc. | edición de Antonio Moreno González. |
| 260 ## - PUBLICACIÓN, DISTRIBUCIÓN, ETC. | |
| Lugar de publicación, distribución, etc. | Madrid : |
| Nombre del editor, distribuidor, etc. | Fundación Banco Exterior, |
| Fecha de publicación, distribución, etc. | [1991] |
| 300 ## - DESCRIPCIÓN FÍSICA | |
| Extensión | 391 p ; |
| Dimensiones | 23 cm. |
| 490 1# - MENCIÓN DE SERIE | |
| Mención de serie | Biblioteca de la ciencia española / Fundación Banco Exterior ; |
| Designación de volumen o secuencia | 4 |
| 600 14 - PUNTO DE ACCESO ADICIONAL DE MATERIA--NOMBRE DE PERSONA | |
| Nombre de persona | Rodríguez Carracido, José, |
| Fechas asociadas al nombre | 1856-1928 |
| 9 (RLIN) | 98407 |
| 700 1# - ENTRADA AGREGADA--NOMBRE PERSONAL | |
| Nombre de persona | Moreno González, Antonio. |
| 9 (RLIN) | 83381 |
| 710 2# - ENTRADA AGREGADA--NOMBRE DE ENTIDAD CORPORATIVA | |
| Nombre de entidad corporativa o nombre de jurisdicción como elemento de entrada | Fundación Banco Exterior. |
| 9 (RLIN) | 4226 |
| 830 10 - PUNTO DE ACCESO ADICIONAL DE SERIE-TÍTULO UNIFORME | |
| Título uniforme | Biblioteca de la ciencia española (Fundación Banco Exterior) |
| Designación de volumen o secuencia | 4 |
| 9 (RLIN) | 177904 |
| 852 ## - LOCALIZACIÓN | |
| Ubicación | ES-MaACL |
| Número de control de estantería | L-18248 |
| Estatus retirado | Estado de pérdida | Estado de daño | No para préstamo | Biblioteca de origen | Biblioteca actual | Ubicación en estantería | Fecha de adquisición | Fuente de adquisición | Total de préstamos | Signatura topográfica completa | Código de barras | Visto por última vez | Precio de reemplazo | Tipo de ítem Koha |
|---|---|---|---|---|---|---|---|---|---|---|---|---|---|---|
| Biblioteca del Ateneo de Madrid | Biblioteca del Ateneo de Madrid | Depósito 2 | 17/01/2008 | L-18248 | 1011175 | 23/02/2023 | 23/02/2023 | Libro impreso |
